000 01197cam a22003254a 4500
005 20260322212042.0
008 data
010 _a 2002004713
020 _a0822503727 (lib. bdg.)
020 _a9780822503729 (lib. bdg.)
040 _aDLC
_cDLC
_dDLC
042 _apcc
043 _as-ag---
050 0 0 _aF2808.2
_b.S76 2003
082 0 0 _a982
_221
092 _a982 Str 2003
100 1 _aStreissguth, Thomas,
_d1958-
245 1 0 _aArgentina in pictures /
_cThomas Streissguth.
260 _aMinneapolis, MN :
_bLerner Publications,
_cc2003.
300 _a80 p. :
_bill. (chiefly col.), col. maps ;
_c27 cm.
490 1 _aVisual geography series
500 _aRev. and expanded.
504 _aIncludes bibliographical references (p. 74-77) and index.
651 0 _aArgentina
_vJuvenile literature.
830 0 _aVisual geography series (Minneapolis, Minn.)
906 _a7
_bcbc
_corignew
_d1
_eecip
_f20
_gy-gencatlg
925 0 _aacquire
_b1 shelf copies
_xpolicy default
955 _dlc07 2002-03-25
_glc15 2003-06-09
_flc15 2003-06-09
_glc15 2003-06-09
001 data
999 _c997
_d997